000
00451nam a2200157Ia 4500
008
100122s9999 xx 000 0 und d
082
_b
66984
_a
824
100
_a
घारे दीपक
245
_a
संसारवेध ******
250
_a
1
260
_b
नवचैतन्य प्रकाशन
_c
2005
300
_a
207
630
_a
संसारवेध ******
730
_a
संसारवेध ******
942
_c
BOOK
999
_c
439330
_d
439327